000 00267nam a2200109Ia 4500
008 220204s9999 xx 000 0 und d
082 _a035
_bKAR
100 _aKARVE, D G
245 0 _aPublic administration in democracy
260 _aPoona
_bGokhale
_c1959
942 _cBK
999 _c20012
_d20012